Introducción a una teoría general del derecho. El método jurídico

Guardat en:
Dades bibliogràfiques
Autor principal: Alvarez Gardiol, Ariel (Autor)
Format: Llibre
Idioma:espanyol
Publicat: Buenos Aires, Argentina Astrea 1986
Matèries:
Etiquetes: Afegir etiqueta
Sense etiquetes, Sigues el primer a etiquetar aquest registre!

MARC

LEADER 00000nam a2200000 a 4500
001 UCV0059
003 CL-VaPUC
005 20211215164300.0
008 871113e19860000AG |||||||||||||||||spa|d
999 |c 208826  |d 208824 
040 |c Pontificia Universidad Católica de Valparaíso 
082 0 4 |a 340.11 ALV 1986  |2 21 
100 0 |a Alvarez Gardiol, Ariel  |e author  |9 294789 
245 1 0 |a Introducción a una teoría general del derecho.  |b El método jurídico 
260 |a Buenos Aires, Argentina   |b Astrea  |c 1986 
300 |a 251 páginas  
583 |a last modification  |c 20190905 03:55:58  |k Rodrigo Vera 
650 7 |a TEORIA GENERAL DEL DERECHO  |2 CL-VaPUC  |9 254883 
650 0 |a Método jurídico  |9 254884 
852 |a BIBDER 
942 |c BK  |2 ddc 
945 |d 19871113 00:00:00 
952 |0 0  |1 0  |4 0  |6 340_110000000000000_ALV_1986  |7 0  |8 DER_TF  |9 183761  |a BIBDER  |b BIBDER  |d 2019-11-14  |i 2500833  |l 1  |o 340.11 ALV 1986  |p 2500833  |r 2023-01-25  |s 2020-03-16  |w 2019-11-14  |x Ubicación 4to Piso  |y BK_X  |z Estos recursos deben solicitarse con anticipación  |k DER